[Event "Titled Tue 1st Jul Late"]
[Site "chess.com INT"]
[Date "2025.07.01"]
[Round "5"]
[White "Stankovic, Boris"]
[Black "Mata Gonzalez, Jose Fernando"]
[Result "1-0"]
[WhiteTitle "FM"]
[BlackTitle "CM"]
[WhiteElo "2298"]
[BlackElo "2164"]
[WhiteFideId "985317"]
[BlackFideId "5107423"]
[EventDate "2025.07.01"]

1. e4 e5 2. Nf3 Nc6 3. d4 exd4 4. Bc4 Nf6 5. e5 d5 6. Bb5 Ne4 7. Nxd4 Bc5 8. Be3
Bd7 9. Bxc6 bxc6 10. O-O O-O 11. f3 Ng5 12. f4 Ne4 13. Nd2 Nxd2 14. Qxd2 Bb6 15.
a4 c5 16. Nb3 d4 17. Bf2 a5 18. c3 Be6 19. Qc2 Qd5 20. Nd2 d3 21. Qd1 c4 22.
Bxb6 cxb6 23. Qf3 Qxf3 24. Rxf3 g6 25. Re3 Bd5 26. Kf2 Rfb8 27. Ree1 b5 28. axb5
Rxb5 29. Reb1 Rab8 30. Ke3 Kg7 31. g3 f6 32. Ra2 fxe5 33. fxe5 Re8 34. Kd4 Rd8
35. Rba1 Be6+ 36. Ke4 Bf5+ 37. Kf4 Rf8 38. Rxa5 Rxb2 39. Ke3 Re8 40. Nxc4 Re2+
41. Kf3 Rxh2 42. Ra7+ Kh6 43. Nd6 Rxe5 44. Nf7+ Kg7 45. Nxe5+ Kf6 46. Ng4+ Bxg4+
47. Kxg4 d2 48. Rd1 Ke5 49. Rd7 Kf6 50. R7xd2 h5+ 51. Kf3 Rh3 52. Kg2 1-0

[Event "Titled Tue 1st Jul Late"]
[Site "chess.com INT"]
[Date "2025.07.01"]
[Round "5"]
[White "Romero Ruscalleda, Josep"]
[Black "Manukian, Artak"]
[Result "1/2-1/2"]
[WhiteTitle "FM"]
[WhiteElo "2110"]
[BlackElo "2104"]
[WhiteFideId "2231859"]
[BlackFideId "13301373"]
[EventDate "2025.07.01"]

1. e4 c6 2. Nc3 d5 3. Nf3 dxe4 4. Nxe4 Nf6 5. Qe2 Nxe4 6. Qxe4 Qd5 7. Qh4 Qe6+
8. Be2 Qg4 9. Qg3 g6 10. d4 Qxg3 11. hxg3 Bg7 12. c3 O-O 13. Bg5 Re8 14. O-O-O
Nd7 15. Bc4 Nb6 16. Bb3 Bg4 17. Rde1 Bxf3 18. gxf3 e6 19. Rh2 Nd7 20. Reh1 Nf8
21. Bf4 e5 22. dxe5 Bxe5 23. Bh6 Bg7 24. Be3 b6 25. Rd1 Rad8 26. Rhh1 c5 27. Ba4
Rxd1+ 28. Rxd1 Rc8 29. Bf4 Ne6 30. Bd7 Rd8 31. Bxe6 Rxd1+ 32. Kxd1 fxe6 33. Bb8
a6 34. Ba7 b5 35. Bxc5 h5 36. Ke2 Kf7 37. Ke3 g5 38. Ke4 h4 39. gxh4 gxh4 40.
Kf4 Bf6 41. Kg4 e5 42. f4 exf4 43. Kxf4 a5 44. Kg4 Ke6 45. Bb6 a4 46. Bc5 Kd5
47. Bb4 Ke4 48. f4 Kd3 49. f5 Kc2 50. Ba3 Kb1 51. b3 Kxa2 52. bxa4 bxa4 53. Bd6
Kb3 54. Bb4 a3 55. Bxa3 Kxa3 56. c4 Kb4 57. c5 Kxc5 58. Kh3 Kd5 59. Kg2 Ke4 60.
Kh2 Kxf5 61. Kg2 Kg4 62. Kh2 Be5+ 63. Kg2 h3+ 64. Kh1 Kh4 65. Kg1 Kg3 66. Kh1
Bf6 67. Kg1 Bh4 68. Kh1 Bg5 69. Kg1 Be3+ 70. Kh1 h2 1/2-1/2

[Event "Titled Tue 1st Jul Late"]
[Site "chess.com INT"]
[Date "2025.07.01"]
[Round "5"]
[White "Shukhman, Anna"]
[Black "Kracht, Raphael"]
[Result "1-0"]
[WhiteTitle "WGM"]
[BlackTitle "CM"]
[WhiteElo "2413"]
[BlackElo "2195"]
[WhiteFideId "54180058"]
[BlackFideId "16214382"]
[EventDate "2025.07.01"]

1. e4 c6 2. d4 g6 3. Nc3 Bg7 4. f4 d5 5. e5 Nh6 6. Bd3 Bf5 7. Nf3 Bxd3 8. Qxd3
O-O 9. h3 b5 10. Be3 Nd7 11. g4 Nb6 12. f5 b4 13. Ne2 Nc4 14. Bxh6 Bxh6 15. g5
Bg7 16. f6 Bh8 17. O-O Nxb2 18. Qb3 Nc4 19. Qxb4 Rb8 20. Qxe7 Qxe7 21. fxe7 Rfe8
22. Rab1 Nb6 23. a4 Nxa4 24. Ra1 Nb6 25. Rxa7 Nc8 26. Rc7 Nxe7 27. Nh2 Bg7 28.
Ng4 Rb2 29. e6 fxe6 30. Nf6+ Kf7 31. Nxd5+ Kg8 32. Nxe7+ Kh8 33. Rxc6 Bf8 34.
Rc8 Rxc8 35. Nxc8 Rxc2 36. Rxf8+ Kg7 37. Rf2 Rxc8 38. Nf4 Rc6 39. Re2 Kf7 40.
Kf2 Ra6 41. Kf3 Ra3+ 42. Kg4 Ra6 43. Nd3 Ra4 44. Re4 Ra1 45. Nc5 Rg1+ 46. Kf4
Rf1+ 47. Ke3 Rh1 48. Nxe6 Rxh3+ 49. Kd2 Ra3 50. Nd8+ Kg7 51. Re7+ Kf8 52. Rxh7
Kg8 53. Rd7 Kf8 54. Ne6+ Ke8 55. Rd5 Ke7 56. Nf4 Kf7 57. Rd7+ Ke8 58. Rb7 Rf3
59. Nxg6 Kd8 60. Ne5 Rg3 61. g6 Ke8 62. g7 Rg2+ 63. Ke3 Rg3+ 64. Kf4 Rg1 65.
Rb8+ Ke7 66. g8=Q Rf1+ 67. Ke3 Re1+ 68. Kd2 Rxe5 69. Qe8+ Kd6 70. Qxe5+ Kc6 71.
Qc5+ Kd7 72. Rb7+ Ke6 73. Qe5# 1-0

[Event "Titled Tue 1st Jul Late"]
[Site "chess.com INT"]
[Date "2025.07.01"]
[Round "5"]
[White "Zhukovskyi, Oleksandr"]
[Black "Milare, Tyron"]
[Result "1-0"]
[WhiteTitle "CM"]
[BlackTitle "FM"]
[WhiteElo "2145"]
[BlackElo "2248"]
[WhiteFideId "14169371"]
[BlackFideId "12987018"]
[EventDate "2025.07.01"]

1. e4 c6 2. d4 d5 3. exd5 cxd5 4. Bd3 Nf6 5. h3 g6 6. Nf3 Bg7 7. O-O Nc6 8. c3
Qb6 9. Qb3 Bf5 10. Bb5 O-O-O 11. Bxc6 bxc6 12. Qxb6 axb6 13. Ne5 Rhf8 14. Nxc6
Rde8 15. Re1 Ne4 16. f3 Bd7 17. Nb4 Nf6 18. a4 e6 19. a5 bxa5 20. Rxa5 Nh5 21.
g4 Bf6 22. gxh5 Bd8 23. Ra1 gxh5 24. Bf4 Rg8+ 25. Kh2 Bh4 26. Ra8+ Kb7 27. Rxe8
Rxe8 28. Re5 Bf2 29. Rxh5 Bb5 30. Nd2 f6 31. Rxh7+ Kb6 32. b3 e5 33. dxe5 fxe5
34. Bg3 Be3 35. Nf1 Bxf1 36. Nxd5+ Kc5 37. Nxe3 Be2 38. Rc7+ Kd6 39. Rf7 Bd3 40.
Nc4+ Bxc4 41. bxc4 Kc5 42. Rf5 Kxc4 43. Rxe5 Rd8 44. h4 Kxc3 45. h5 Rh8 46. Kh3
Kd4 47. Kh4 Rg8 48. Re4+ Kd5 49. h6 Rf8 50. Bf4 Rf5 51. Bg5 Rf4+ 52. Rxf4 Ke6
53. Rf6+ 1-0

[Event "Titled Tue 1st Jul Late"]
[Site "chess.com INT"]
[Date "2025.07.01"]
[Round "5"]
[White "Sinkar, Anagha Aniket"]
[Black "Cardozo Munar, Carlos Eduardo"]
[Result "1-0"]
[WhiteTitle "WCM"]
[BlackTitle "FM"]
[WhiteElo "1776"]
[BlackElo "2052"]
[WhiteFideId "30974780"]
[BlackFideId "4409477"]
[EventDate "2025.07.01"]

1. e4 e6 2. d4 d5 3. e5 c5 4. Nf3 Nc6 5. Bd3 Bd7 6. O-O Qb6 7. dxc5 Bxc5 8. Nc3
Qc7 9. Bf4 a6 10. Re1 Nge7 11. Na4 Ba7 12. Qd2 Ng6 13. Bg3 Rc8 14. h4 h6 15. Nc3
O-O 16. Nxd5 exd5 17. e6 Qd8 18. Bxg6 Bxe6 19. Bd3 Nd4 20. Nxd4 Bxd4 21. c3 Bf6
22. h5 d4 23. cxd4 Qxd4 24. Qe2 Qxb2 25. Qe4 Rfd8 26. Rab1 Qd4 27. Qh7+ Kf8 28.
Rxb7 Rd7 29. Qh8+ Ke7 30. Qxc8 Qxd3 31. Rxd7+ Qxd7 32. Qc5+ Ke8 33. Qb6 Qc8 34.
Bd6 Bd8 35. Qd4 Bf6 36. Qa4+ Qd7 37. Qxa6 Bc3 38. Rc1 Bd4 39. Rb1 Bf6 40. Rb8+
Bd8 41. Qb6 Bxa2 42. g3 f6 43. Qe3+ Kf7 44. Qa3 Bd5 45. Rb2 Qh3 46. f4 Bb6+ 47.
Bc5 Bxc5+ 48. Qxc5 Qe6 49. Qc7+ Kg8 50. Rb8+ Kh7 51. Qc2+ f5 52. Qc8 Qe1+ 53.
Kh2 Qf1 54. Qxf5+ g6 55. Qxg6# 1-0

[Event "Titled Tue 1st Jul Late"]
[Site "chess.com INT"]
[Date "2025.07.01"]
[Round "5"]
[White "Winkels, Marcel"]
[Black "Neklyudov, Viacheslav I."]
[Result "0-1"]
[WhiteTitle "CM"]
[BlackTitle "IM"]
[WhiteElo "1905"]
[BlackElo "2432"]
[WhiteFideId "1003887"]
[BlackFideId "4125703"]
[EventDate "2025.07.01"]

1. e4 c5 2. d4 cxd4 3. c3 Nf6 4. e5 Nd5 5. Nf3 Nc6 6. Bc4 Nb6 7. Bb3 d5 8. exd6
Qxd6 9. cxd4 Be6 10. O-O Bxb3 11. axb3 e6 12. Nc3 Be7 13. Nb5 Qd7 14. Be3 O-O
15. Qd3 Nd5 16. Bg5 a6 17. Nc3 Ncb4 18. Qd2 Rac8 19. Rac1 f6 20. Bh4 Bd6 21. Bg3
Bxg3 22. hxg3 Rc6 23. Ne4 Rfc8 24. Nc5 Qe7 25. Rfe1 b6 26. Nd3 Nxd3 27. Rxc6
Rxc6 28. Qxd3 b5 29. Qe4 Qd7 30. Nd2 g6 31. Qd3 Nb4 32. Qe4 Qd5 33. Qxd5 Nxd5
34. Ne4 Kf7 35. Nc5 e5 36. Nd3 exd4 37. Re4 Ne7 38. Rxd4 Rc2 39. Rd6 a5 40. Rb6
Rd2 41. Nc5 Rxb2 42. Rxb5 Ra2 43. Nb7 a4 44. Nd6+ Ke6 45. Nc4 Ra1+ 46. Kh2 a3
47. Ra5 a2 48. b4 Nd5 49. b5 Nc3 50. b6 Rb1 51. Ra6 a1=Q 52. b7+ Qxa6 53. b8=Q
Rxb8 0-1

[Event "Titled Tue 1st Jul Late"]
[Site "chess.com INT"]
[Date "2025.07.01"]
[Round "5"]
[White "Wang, Justin Zhide"]
[Black "Lisenkov, Svyatoslav"]
[Result "1/2-1/2"]
[WhiteTitle "CM"]
[BlackTitle "CM"]
[WhiteElo "2085"]
[BlackElo "2283"]
[WhiteFideId "4312830"]
[BlackFideId "34264183"]
[EventDate "2025.07.01"]

1. c4 Nf6 2. Nc3 g6 3. e4 Bg7 4. d4 O-O 5. Nf3 d6 6. Be2 Na6 7. O-O e5 8. Be3
Qe8 9. d5 Ng4 10. Bg5 h6 11. Bd2 f5 12. Be3 Nxe3 13. fxe3 Nc5 14. exf5 Bxf5 15.
b4 Ne4 16. Nxe4 Bxe4 17. Nd2 Bf5 18. Bg4 e4 19. Bxf5 gxf5 20. Rc1 Qg6 21. Kh1
Kh7 22. Qe2 Be5 23. g3 a5 24. b5 b6 25. Rf2 Rf7 26. Nb1 h5 27. Rcf1 Raf8 28. Na3
h4 29. gxh4 Qh6 30. h5 f4 31. exf4 Rxf4 32. Rxf4 Rxf4 33. Rxf4 Qxf4 34. Nc2 Qc1+
35. Kg2 Qg5+ 36. Kf1 Qc1+ 37. Ne1 Qf4+ 38. Qf2 Qg4 39. Qg2 Qf5+ 40. Kg1 Bd4+ 41.
Kh1 e3 42. Qf3 Qe5 43. Qf7+ Kh8 44. Qf8+ Kh7 45. Qf7+ Kh8 46. Kg2 e2 47. Qf8+
Kh7 48. Qf7+ Kh8 49. h4 Qe4+ 50. Qf3 Qxh4 51. Qf8+ Kh7 52. Qf7+ Kh8 53. Qe8+ Kh7
54. Qg6+ Kh8 55. Qe8+ Kh7 56. Qg6+ Kh8 57. Qh6+ Kg8 58. Qg6+ Kh8 1/2-1/2

[Event "Titled Tue 1st Jul Late"]
[Site "chess.com INT"]
[Date "2025.07.01"]
[Round "5"]
[White "Gholami Orimi, Mahdi"]
[Black "Moussard, Jules"]
[Result "0-1"]
[WhiteTitle "GM"]
[BlackTitle "GM"]
[WhiteElo "2511"]
[BlackElo "2597"]
[WhiteFideId "12558486"]
[BlackFideId "642908"]
[EventDate "2025.07.01"]

1. d4 d5 2. c4 e6 3. Nc3 Be7 4. cxd5 exd5 5. Bf4 c6 6. e3 Bf5 7. f3 Nd7 8. Nge2
h5 9. e4 Be6 10. Qc2 Nb6 11. O-O-O Nf6 12. Kb1 Nc4 13. Bc1 Qb6 14. Ka1 dxe4 15.
fxe4 Ng4 16. Nf4 Nce3 17. Bxe3 Nxe3 18. Qd2 Nxd1 19. Qxd1 O-O-O 20. d5 Bf6 21.
Bc4 Bg4 22. Qc2 Kb8 23. dxc6 bxc6 24. Bxf7 Ka8 25. h3 Bc8 26. Ng6 Rh6 27. e5
Rxg6 28. Bxg6 Bxe5 29. Bxh5 Qe3 30. Rd1 Rd4 31. Bf3 Bd7 32. Rxd4 Qxd4 33. a3 Kb8
34. Ne4 Be6 35. Qd2 Qc4 36. Qd8+ Kb7 37. Kb1 Qa2+ 38. Kc2 Qxb2+ 39. Kd3 Qxa3+
40. Ke2 Bc4+ 41. Kf2 Qb2+ 42. Kg1 Qd4+ 43. Qxd4 Bxd4+ 44. Kh1 Kb6 45. Nd6 Bd5
46. Nf5 Bf6 47. Bxd5 cxd5 48. g4 a5 49. h4 a4 50. g5 Be5 51. h5 a3 52. Ne3 a2
53. Nc2 a1=Q+ 54. Nxa1 Bxa1 55. Kg2 Kc5 56. Kf3 Kc4 57. Kf4 d4 0-1

[Event "Titled Tue 1st Jul Late"]
[Site "chess.com INT"]
[Date "2025.07.01"]
[Round "5"]
[White "Manvelyan, Mikayel"]
[Black "Aalto, Patrik"]
[Result "1-0"]
[WhiteTitle "FM"]
[BlackTitle "FM"]
[WhiteElo "2362"]
[BlackElo "2316"]
[WhiteFideId "13310143"]
[BlackFideId "510726"]
[EventDate "2025.07.01"]

1. e4 c5 2. Nf3 e6 3. d4 cxd4 4. Nxd4 Nc6 5. Nc3 Qc7 6. Qd3 a6 7. Nxc6 bxc6 8.
Qg3 Qxg3 9. hxg3 d5 10. Bd3 Bd6 11. exd5 cxd5 12. Rxh7 Rxh7 13. Bxh7 Nf6 14. Bd3
Bb7 15. Bg5 d4 16. Ne2 e5 17. Bxf6 gxf6 18. f3 Ke7 19. Kf2 Rh8 20. g4 e4 21.
Bxe4 Bxe4 22. fxe4 Be5 23. Rd1 Rb8 24. b3 Rc8 25. Rd2 Ke6 26. Kf3 a5 27. Nxd4+
Bxd4 28. Rxd4 Rxc2 29. Ra4 Rc5 30. Kf4 Rb5 31. Rc4 Re5 32. Rd4 Rc5 33. Rd5 Rc2
34. Rxa5 Rxg2 35. b4 Rf2+ 36. Ke3 Rb2 37. a3 Rb3+ 38. Kf4 Rb1 39. b5 Rf1+ 40.
Ke3 Rb1 41. a4 Kd6 42. Ra6+ Ke5 43. b6 Rb3+ 44. Kd2 Kxe4 45. a5 Kd4 46. Ra7 Kc5
47. b7 Kc6 48. a6 Rb2+ 49. Kc3 Rb6 50. Ra8 Kc7 51. Rc8+ Kd6 52. b8=Q+ Rxb8 53.
Rxb8 Ke5 54. a7 Kf4 55. a8=Q Kg3 56. Qe4 Kh4 57. Rh8+ Kg3 58. Qe3+ Kg2 59. Qf4
f5 60. Rh2+ Kg1 61. Qf2# 1-0

[Event "Titled Tue 1st Jul Late"]
[Site "chess.com INT"]
[Date "2025.07.01"]
[Round "5"]
[White "Becking, Stephan"]
[Black "Guliev, Gasan"]
[Result "1-0"]
[WhiteTitle "IM"]
[BlackTitle "CM"]
[WhiteElo "2410"]
[BlackElo "2123"]
[WhiteFideId "4632478"]
[BlackFideId "34165638"]
[EventDate "2025.07.01"]

1. d4 Nf6 2. Nf3 d5 3. c3 e6 4. Bg5 Be7 5. e3 O-O 6. Nbd2 Nbd7 7. Bd3 c5 8. O-O
h6 9. Bh4 b6 10. Ne5 Nxe5 11. dxe5 Nd7 12. Bxe7 Qxe7 13. f4 Bb7 14. e4 f6 15.
exf6 Nxf6 16. e5 Ne4 17. Bxe4 dxe4 18. Qe1 Ba6 19. Rf2 Qh4 20. g3 Qh3 21. Nxe4
Bb7 22. Nd6 Bc6 23. Qf1 Qg4 24. Qd1 Qh3 25. b4 cxb4 26. cxb4 Rad8 27. Qc1 Bd5
28. Qe3 g5 29. Ne4 gxf4 30. Rxf4 Rxf4 31. Qxf4 Rf8 32. Qe3 Rf5 33. Rd1 Rxe5 34.
Rxd5 Rxd5 35. Nf6+ Kf7 36. Nxd5 exd5 37. Qe5 Qe6 38. Qc7+ Kg6 39. Qc2+ Qe4 40.
Qxe4+ dxe4 41. Kf2 Kf5 42. h3 h5 43. Ke3 Ke5 44. g4 h4 45. a4 a6 46. b5 a5 47.
g5 Kf5 48. g6 Kxg6 49. Kxe4 Kg5 50. Ke5 Kg6 51. Kf4 Kf6 52. Kg4 Kg6 53. Kxh4 Kf5
54. Kh5 Kf6 55. Kg4 Kg6 56. h4 Kh6 57. Kf4 Kh5 58. Ke5 Kxh4 59. Kd6 Kg5 60. Kc6
Kf5 61. Kxb6 Ke4 62. Kxa5 Kd4 63. Ka6 Kc4 64. a5 Kb4 65. b6 1-0

[Event "Titled Tue 1st Jul Late"]
[Site "chess.com INT"]
[Date "2025.07.01"]
[Round "5"]
[White "Dubnevych, Maksym"]
[Black "Carlsen, Magnus"]
[Result "0-1"]
[WhiteTitle "FM"]
[BlackTitle "GM"]
[WhiteElo "2296"]
[BlackElo "2837"]
[WhiteFideId "14184001"]
[BlackFideId "1503014"]
[EventDate "2025.07.01"]

1. Nc3 c5 2. Nf3 g6 3. d4 cxd4 4. Qxd4 Nf6 5. Bg5 Bg7 6. e4 Nc6 7. Qd2 h6 8. Bf4
g5 9. Bg3 Nh5 10. Bc4 d6 11. O-O-O Nxg3 12. hxg3 Be6 13. Nd5 Rc8 14. Bb3 Qa5 15.
Qxa5 Nxa5 16. Ba4+ Kd8 17. Rhe1 Rc5 18. b4 Rc4 19. Bb5 Bxd5 20. bxa5 Be6 21.
Bxc4 Bxc4 22. e5 d5 23. Nd2 Ba6 24. e6 Rf8 25. Nb3 Bc4 26. Nc5 Kc7 27. exf7 Rxf7
28. Ne6+ Kd6 29. Nxg7 Rxg7 30. Kb2 g4 31. Re4 Kc5 32. Re6 Rf7 33. Rd2 h5 34. Re5
Rh7 35. Kc3 Bxa2 36. Rd4 Kd6 37. Rg5 e5 38. Rd1 Rf7 39. Rd2 d4+ 40. Kb4 Bd5 41.
c3 Rc7 42. cxd4 Rc4+ 43. Ka3 exd4 44. Rxh5 Rc3+ 45. Kb2 Rb3+ 46. Kc2 Rb4 47. Rg5
Kc5 48. Rxg4 d3+ 49. Kxd3 Rxg4 50. Ke3 Bxg2 51. f3 Rxg3 52. Kf2 Rg7 53. Rc2+ Kb5
54. a6 Kxa6 55. Rc7 Rxc7 0-1

[Event "Titled Tue 1st Jul Late"]
[Site "chess.com INT"]
[Date "2025.07.01"]
[Round "5"]
[White "Nihal, Sarin"]
[Black "Amar, Elham"]
[Result "0-1"]
[WhiteTitle "GM"]
[BlackTitle "GM"]
[WhiteElo "2696"]
[BlackElo "2589"]
[WhiteFideId "25092340"]
[BlackFideId "1533533"]
[EventDate "2025.07.01"]

1. d4 Nf6 2. c4 e6 3. g3 d5 4. Bg2 Bb4+ 5. Nd2 O-O 6. Nf3 dxc4 7. O-O c3 8. bxc3
Bxc3 9. Rb1 Nc6 10. Ba3 Re8 11. e3 e5 12. dxe5 Nxe5 13. Nxe5 Bxe5 14. Nc4 Qxd1
15. Rfxd1 c6 16. Na5 Rb8 17. Bd6 Bxd6 18. Rxd6 c5 19. Bxb7 h5 20. Rb5 Ne4 21.
Bxe4 Rxb5 22. Bc6 Rb1+ 23. Kg2 Rb6 24. e4 Rf8 25. Nc4 Ra6 26. Bd5 Rxd6 27. Nxd6
Be6 28. Bxe6 fxe6 29. f4 Rb8 30. e5 Rb2+ 31. Kf3 Rxa2 32. h3 a5 33. g4 hxg4+ 34.
hxg4 Kf8 35. f5 a4 36. f6 a3 37. Ne4 Rf2+ 38. Kxf2 a2 39. Nxc5 a1=Q 40. Nxe6+
Kg8 41. Nxg7 Qxe5 42. Nh5 Qc3 43. Ng3 Qxf6+ 44. Kg2 Kh7 45. Nf5 Qc3 46. Nh4 Kh6
47. Nf3 Qe3 48. Kg3 Kg6 49. Kg2 Qf4 50. Nh2 Kg5 51. Kh3 Qe3+ 52. Kg2 Kf4 53. g5
Qg3+ 54. Kh1 Qxg5 55. Nf1 Kf3 56. Nd2+ Qxd2 0-1

[Event "Titled Tue 1st Jul Late"]
[Site "chess.com INT"]
[Date "2025.07.01"]
[Round "5"]
[White "Zakin, Ilay"]
[Black "Sitbon, Itay"]
[Result "1/2-1/2"]
[WhiteTitle "FM"]
[WhiteElo "2300"]
[BlackElo "2206"]
[WhiteFideId "2848279"]
[BlackFideId "2820706"]
[EventDate "2025.07.01"]

1. Nf3 g6 2. e4 c5 3. c3 d5 4. e5 Nc6 5. d4 f6 6. exf6 Nxf6 7. Bb5 Bg7 8. dxc5
O-O 9. O-O Ne4 10. Nd4 Qc7 11. Be3 e5 12. Ne2 Be6 13. Ng3 Nxg3 14. hxg3 d4 15.
cxd4 exd4 16. Bf4 Rxf4 17. gxf4 Qxf4 18. Qf3 Qxf3 19. gxf3 Ne5 20. Kg2 Bd5 21.
Nd2 Bh6 22. Ne4 Rf8 23. Be2 d3 24. Bd1 Nc4 25. b3 Ne5 26. b4 g5 27. Bb3 Bxb3 28.
axb3 Nxf3 29. Rxa7 Nh4+ 30. Kh2 Rf4 31. Nd2 g4 32. Rxb7 Rf8 33. Nc4 Nf3+ 34. Kg3
Bf4+ 35. Kg2 Nh4+ 36. Kh1 Rf6 37. Re1 Kf8 38. Ra1 Rf7 39. Ra8+ Kg7 40. Rxf7+
Kxf7 41. c6 Nf5 42. Rd8 Ne7 43. Rd7 Ke6 44. b5 Nd5 45. b6 d2 46. Nxd2 Bxd2 47.
b7 Bf4 48. Rd8 Bc7 49. b8=Q Bxb8 50. Rxb8 Kd6 51. Rh8 Kxc6 52. Rxh7 Nf4 53. Rg7
Nh3 54. Kg2 Nf4+ 55. Kg3 Nh5+ 56. Kxg4 Nxg7 57. Kg5 Ne6+ 58. Kf6 Nd4 59. b4 Kb5
60. Ke5 Nf3+ 61. Ke4 Ng5+ 62. Kf5 Nf3 63. Ke4 Ng5+ 64. Kf4 Nh3+ 65. Kg3 Nxf2 66.
Kxf2 Kxb4 1/2-1/2

[Event "Titled Tue 1st Jul Late"]
[Site "chess.com INT"]
[Date "2025.07.01"]
[Round "5"]
[White "Karvatskyi, Oleksii"]
[Black "Mottola, Max"]
[Result "1-0"]
[WhiteTitle "CM"]
[WhiteElo "2258"]
[BlackElo "2247"]
[WhiteFideId "14191059"]
[BlackFideId "30985862"]
[EventDate "2025.07.01"]

1. Nc3 d5 2. e4 d4 3. Nce2 e5 4. c3 d3 5. Ng3 Bc5 6. Qf3 h5 7. Qxd3 Qf6 8. Qb5+
Nd7 9. Nf3 c6 10. Qb3 h4 11. Nf5 g6 12. Ne3 h3 13. d3 Ne7 14. Bd2 a5 15. a4 Nf8
16. d4 Bd6 17. Nc4 hxg2 18. Bxg2 exd4 19. cxd4 Bb4 20. Bxb4 axb4 21. e5 Qf4 22.
Nd6+ Kd7 23. Nxf7 Rh5 24. Nd6 Ne6 25. Rd1 Nd5 26. Qd3 Qg4 27. h3 Qxg2 28. Rh2
Nef4 29. Rxg2 Nxd3+ 30. Kf1 N3f4 31. Rg5 Rxh3 32. Ng1 Rh1 33. Ne4 Ke7 34. Rg3
Bh3+ 35. Ke1 Rxa4 36. Kd2 Ra2 37. Kc2 Bf5 38. Kb3 Ra8 39. Nd6 Rh2 40. Rd2 Be6
41. Kc2 Nb6 42. Nf3 b3+ 43. Kc3 Rh1 44. Rg1 Na4+ 45. Kb4 Rxg1 46. Nxg1 Nb6 47.
Kc5 Nbd5 48. Nf3 Ra5+ 49. Kc4 Ne3+ 50. Kb4 Ra2 51. fxe3 Nd5+ 52. Kc5 Nxe3 53.
Ng5 Nd5 54. Nxe6 Kxe6 55. Nxb7 Nc3 56. Kxc6 Na4 57. Nc5+ Nxc5 58. Kxc5 Ra5+ 59.
Kc4 Ra4+ 60. Kxb3 Ra8 61. Kc4 Rc8+ 62. Kd3 Kd5 63. Rc2 Rb8 64. Rc5+ Ke6 65. Kc3
Rb4 66. Kxb4 1-0

[Event "Titled Tue 1st Jul Late"]
[Site "chess.com INT"]
[Date "2025.07.01"]
[Round "5"]
[White "Tikhonov, Viacheslav"]
[Black "Stoica, Savas Marin"]
[Result "1-0"]
[WhiteTitle "CM"]
[WhiteElo "2183"]
[BlackElo "2092"]
[WhiteFideId "44196407"]
[BlackFideId "464309"]
[EventDate "2025.07.01"]

1. e4 c6 2. d4 d5 3. Nc3 dxe4 4. Nxe4 Nf6 5. Nxf6+ exf6 6. Bc4 Bd6 7. Qe2+ Qe7
8. Qxe7+ Kxe7 9. Ne2 Be6 10. Bd3 Re8 11. Bd2 g6 12. O-O Kf8 13. Nf4 Bd7 14. a4
Na6 15. Bxa6 bxa6 16. Nd3 Re2 17. Rfd1 Bf5 18. Bb4 Bxb4 19. Nxb4 Rb8 20. Kf1 Re6
21. Nxa6 Rxb2 22. Nc5 Re8 23. Rd2 Rxc2 24. Rxc2 Bxc2 25. Rc1 Bf5 26. f3 h5 27.
Kf2 Rb8 28. Ne4 Rb4 29. Nxf6 Rxd4 30. Rxc6 Rxa4 31. Nh7+ Kg7 32. Ng5 Ra2+ 33.
Kg3 h4+ 34. Kxh4 Rxg2 35. Rc7 Rxh2+ 36. Kg3 Ra2 37. Rxf7+ Kg8 38. Rc7 a5 39. Ra7
a4 40. Kf4 Kf8 41. Ke5 Ke8 42. Kf6 Kd8 43. Nf7+ Kc8 44. Nd6+ Kb8 45. Ra5 Kc7 46.
Nxf5 gxf5 47. Kxf5 a3 48. f4 Kb6 49. Ra8 Kb5 50. Ke4 Kb4 51. Kf3 Kb3 52. f5 Rc2
53. Rb8+ Kc3 54. Rc8+ Kb2 55. Rb8+ Kc1 56. Ra8 a2 57. f6 Kb1 58. f7 Rc1 59. Rb8+ 1-0

[Event "Titled Tue 1st Jul Late"]
[Site "chess.com INT"]
[Date "2025.07.01"]
[Round "5"]
[White "Dzida, Kamil"]
[Black "Tekeyev, Zaur"]
[Result "1-0"]
[WhiteTitle "IM"]
[BlackTitle "IM"]
[WhiteElo "2411"]
[BlackElo "2407"]
[WhiteFideId "21828652"]
[BlackFideId "4199731"]
[EventDate "2025.07.01"]

1. b3 e5 2. Bb2 Nc6 3. e3 Nf6 4. Bb5 Bd6 5. Na3 e4 6. Nc4 Bc5 7. Ne2 Nb8 8. Bxf6
Qxf6 9. Nc3 Qg6 10. b4 Bxb4 11. Nd5 Bd6 12. Nxd6+ Qxd6 13. Nc3 Qg6 14. O-O c6
15. Ba4 O-O 16. f3 exf3 17. Qxf3 d5 18. e4 Bg4 19. Qf4 d4 20. Nd1 Nd7 21. Nf2
Be6 22. Nd3 Rac8 23. Bb3 c5 24. Bd5 Bxd5 25. exd5 c4 26. Ne5 Nxe5 27. Qxe5 Qxc2
28. Qxd4 Rfd8 29. d6 Qg6 30. d7 Rb8 31. Rae1 Qb6 32. Qxb6 axb6 33. Re7 f6 34.
Rf4 Kf8 35. Rfe4 b5 36. Kf2 b4 37. Ke3 Ra8 38. Kd4 b3 39. axb3 cxb3 40. Kc3 b5
41. Kxb3 Rab8 42. Kb4 h6 43. d4 Kg8 44. d5 Kh7 45. Kc5 Kg6 46. Rb4 Rb7 47. Kc6
Ra7 48. Rxb5 Kf5 49. d6+ Kg6 50. Rb7 Ra6+ 51. Kc7 Raa8 52. Re8 Rxe8 53. dxe8=Q+
Rxe8 54. d7 Ra8 55. Rb8 Ra7+ 56. Kd8 Kf7 57. Kc8 Rxd7 58. Kxd7 f5 59. Rb3 Kf6
60. Kd6 g5 61. Kd5 f4 62. Ke4 Kg6 63. Kf3 Kh5 64. Rb6 1-0

[Event "Titled Tue 1st Jul Late"]
[Site "chess.com INT"]
[Date "2025.07.01"]
[Round "5"]
[White "Dyachuk, Artem"]
[Black "Krishnakumar, Sriram"]
[Result "1-0"]
[WhiteTitle "FM"]
[BlackTitle "FM"]
[WhiteElo "2374"]
[BlackElo "2197"]
[WhiteFideId "34107924"]
[BlackFideId "30915856"]
[EventDate "2025.07.01"]

1. e4 e5 2. Nf3 Nc6 3. Bb5 a6 4. Ba4 Nf6 5. O-O b5 6. Bb3 Bc5 7. c3 d6 8. d4 Bb6
9. a4 Rb8 10. axb5 axb5 11. Qd3 exd4 12. cxd4 O-O 13. Qxb5 Bd7 14. Qd3 Nxd4 15.
Nxd4 Bxd4 16. Qxd4 Rxb3 17. Nc3 Re8 18. Ra7 Qb8 19. Bg5 Rb4 20. Qe3 Nxe4 21. Nd5
Rb3 22. Ra8 Rxe3 23. Rxb8 Nxg5 24. Rxe8+ Rxe8 25. Nxc7 Rb8 26. Ra1 h5 27. h3
Rxb2 28. Ra8+ Kh7 29. Ra5 f6 30. Rd5 Ne4 31. Rxh5+ Kg6 32. Rh4 Rb1+ 33. Kh2 Nxf2
34. Rd4 Rb6 35. Nd5 Ra6 36. Kg1 Ra2 37. Ne3 Bf5 38. Rxd6 Ne4 39. Rd4 Ra1+ 40.
Kh2 Re1 41. Nd5 Kf7 42. Ra4 Be6 43. Ra7+ Kg8 44. Nf4 Bf7 45. Ra8+ Kh7 46. Ra7
Ng5 47. h4 Re4 48. Kg3 Rxf4 49. Kxf4 Ne6+ 50. Kf5 Bg8 51. Re7 Nd4+ 52. Kg4 Nc6
53. Rc7 Ne5+ 54. Kf5 Kh6 55. g4 Bh7+ 56. Kf4 Bg6 57. g5+ Kh5 58. Rxg7 fxg5+ 59.
Kxe5 gxh4 60. Kf6 Be4 61. Rg5+ Kh6 62. Rg4 Bg6 63. Rxh4+ Bh5 64. Rh3 Kh7 65.
Rxh5+ Kg8 66. Rh4 Kf8 67. Rh8# 1-0

[Event "Titled Tue 1st Jul Late"]
[Site "chess.com INT"]
[Date "2025.07.01"]
[Round "5"]
[White "Stevik, Patrik"]
[Black "Caruana, Fabiano"]
[Result "0-1"]
[WhiteTitle "FM"]
[BlackTitle "GM"]
[WhiteElo "2314"]
[BlackElo "2777"]
[WhiteFideId "14944812"]
[BlackFideId "2020009"]
[EventDate "2025.07.01"]

1. Nf3 c5 2. g3 Nc6 3. c4 g6 4. Bg2 Bg7 5. O-O d6 6. Nc3 h5 7. h4 Bg4 8. d3 Nf6
9. Rb1 Qd7 10. Kh2 O-O 11. a3 Rad8 12. b4 b6 13. Qc2 Bxf3 14. exf3 Nd4 15. Qd2
e6 16. Bb2 d5 17. Qe3 Rfe8 18. Ne2 Nf5 19. Qg5 d4 20. Qd2 Rb8 21. Rfe1 Rec8 22.
b5 a6 23. a4 Ra8 24. Ra1 Ra7 25. Qc2 Qd6 26. f4 Ng4+ 27. Kg1 e5 28. fxe5 Bxe5
29. bxa6 Kg7 30. Bc1 Re8 31. Bf4 Rxa6 32. Bxe5+ Rxe5 33. Nf4 Ra7 34. Rxe5 Qxe5
35. Qd2 Re7 36. Nd5 Re6 37. Rb1 Nxg3 38. fxg3 Qxg3 39. Qf4 Qxd3 40. Rf1 Nh6 41.
Qf3 Qxc4 42. Nf4 Re7 43. Nd5 Re6 44. Nf4 Re3 45. Qd5 Qxd5 46. Nxd5 Rb3 47. Bf3
Nf5 48. Be4 Nxh4 49. Bc2 Rb2 50. Bd3 f5 51. Bb5 g5 52. Nxb6 g4 53. Nd7 Nf3+ 54.
Rxf3 gxf3 55. Nxc5 h4 56. Nd3 Rg2+ 57. Kf1 h3 58. Nf4 h2 0-1